| 000 | 00425nam a22001337a 4500 | ||
|---|---|---|---|
| 003 | SGT | ||
| 082 |
_a612.015 _bT24D |
||
| 100 | _aDUTTA, SAVI | ||
| 245 | _aTO ESTIMATE THE LEVELS OF VITAMIN D, GLYCATED HAEMOGLOBIN (HbA1c), MAGNESIUM, AND LIPID PROFILE IN TYPE II DIABETES PATIENTS WITH SENSORY NEURAL HEARING LOSS | ||
| 260 |
_aGURUGRAM _bSGT UNIVERSITY _c2024 |
||
| 650 | _aBIOCHEMISTRY | ||
| 653 | _aPHD | ||
| 942 |
_2ddc _cTH |
||
| 999 |
_c32490 _d32490 |
||